<?xml version="1.0" encoding="UTF-8"?>
<collection xmlns="http://www.loc.gov/MARC21/slim">
 <record>
  <leader>00996pamaa2200229   4500</leader>
  <controlfield tag="001">0000040094</controlfield>
  <controlfield tag="005">20110126090000.0</controlfield>
  <datafield tag="020" ind1="0" ind2="0">
   <subfield code="a">[ nil ] </subfield>
  </datafield>
  <datafield tag="082" ind1=" " ind2=" ">
   <subfield code="a">p621.381 HEN 2005</subfield>
  </datafield>
  <datafield tag="090" ind1="0" ind2="0">
   <subfield code="a">TK145 </subfield>
   <subfield code="b">HAM 2005</subfield>
  </datafield>
  <datafield tag="100" ind1="1" ind2="0">
   <subfield code="a">HAMEED BUSHRA </subfield>
  </datafield>
  <datafield tag="245" ind1="1" ind2="0">
   <subfield code="a">Dancing Fountain by Hameed Bushra. 2. PC SSurrounds Sound Power Amplifier by Kunaseelan Sundaram. 3. Vehicle Adapter for Notebook Pc's by Lim Ai Chin. 4. Mobile Phone Sniffer by Lo Vui Hien. 5. Geophone Footstep Detector Preamp by Ong Chong Gene. 6. 10-Brand Graphic Equalizer by Toh Kee Hong.</subfield>
  </datafield>
  <datafield tag="260" ind1="0" ind2="0">
   <subfield code="a">Nilai: </subfield>
   <subfield code="b">INTI College Malaysia, </subfield>
   <subfield code="c">May 2005.</subfield>
  </datafield>
  <datafield tag="300" ind1=" " ind2=" ">
   <subfield code="a">Volume I, Number 1-6.</subfield>
  </datafield>
  <datafield tag="500" ind1="0" ind2="0">
   <subfield code="a">Thesis submitted to INTI College Malaysia as a requirement for Diploma in Electrical and Electronics Engineering</subfield>
  </datafield>
  <datafield tag="650" ind1="0" ind2="0">
   <subfield code="a">Project Paper, academic -- </subfield>
   <subfield code="x">Engineering -- </subfield>
   <subfield code="y">Electrical, Electronic </subfield>
  </datafield>
  <datafield tag="700" ind1="1" ind2="0">
   <subfield code="a">Kunaseelan Sundaram </subfield>
  </datafield>
  <datafield tag="700" ind1="1" ind2="0">
   <subfield code="a">Lim Ai Chin </subfield>
  </datafield>
  <datafield tag="700" ind1="1" ind2="0">
   <subfield code="a">Lo Vui Hien </subfield>
  </datafield>
  <datafield tag="700" ind1="1" ind2="0">
   <subfield code="a">Ong Chong Gene </subfield>
  </datafield>
  <datafield tag="700" ind1="1" ind2="0">
   <subfield code="a">Toh Kee Hong </subfield>
  </datafield>
 </record>
</collection>
